00903nam a2200193 a 450000100100000000500170001000800410002704000250006808200150009310000420010824501080015026000600025830000350031850500570035350000480041070000620045895201720052099900170069200004578520201002052437.0150512s1985 pr ac 000 0 spa d aDO-SdBNPbspacBNPHU axxxxbxxxx1 aRodríguez Nietzsche, Vicente95608410aNanas para nenes :bNanas para niños serios /cVicente Rodríguez Nietzsche, Andrés Castro Ríos. aSan Juan, Puerto Rico :bPENCLUB de Puerto Rico,c1985. a87 p. :bil., retrs. ;c26 cm.0 aNanas para niños serios /rAndrés Castro Ríos. aIncluye datos biográficos de los autores.12aCastro Ríos, AndréstNanas para niños serios973868 001050718MOaPDbPDcCTd2015-05-12iLF1l0oxxxx xxxxp45785-10r2020-06-25w2020-06-25y1zPerteneció a la biblioteca personal de Erick Landestoy.ZNo se presta c45274d45274